Culture Générale - Série 1425 - Statistiques

Statistiques générales
  • Ce quiz a été pris 160 fois
  • Le résultat moyen est 6 sur 10
Statistiques - réponses
Question Réponse % Correct
En 1969, quel chanteur français interprète "Je t'aime... moi non plus", en duo avec Jane Birkin ? Serge Gainsbourg
96%
Quel est le prénom du père du chanteur : Enrique Iglesias ? Julio
94%
A quel John doit-on la fameuse chanson : "Imagine", sortie en 1971 ? John Lennon
92%
Quel pays Toto Cutugno représentait-il, quand il a gagné le Concours Eurovision de la Chanson en 1990 ? Italie
80%
Quel chanteur remporte un grand succès, en 1969, avec sa chanson : "Les Champs Élysées" ? Joe Dassin
74%
Quel prénom ont en commun les joueuses de tennis Hingis et Navratilova ? Martina
74%
Quel personnage de série télévisée, incarné par Rowan Atkinson à partir de 1990, a pour meilleur ami un ours en peluche ? Mister Bean
56%
Quel opéra de Giacomo Puccini raconte le désespoir d'une geisha japonaise enceinte d'un Américain ? Madame Butterfly
35%
Quel homme politique fut élu maire de Paris, en 1995 ? Jean Tiberi
34%
À quel cinéaste italien doit-on “Main basse sur la ville” en 1963 ? Francesco Rosi
8%
Aucun quiz correspondant
Distribution des résultats
% des personnes avec chaque résultat
Percentile par nombre de réponses
Votre historique - résultats
Vous n’avez pas pris ce quiz